Využitie nových nástrojov Business Intelligence v riadení podnikov bakalárska práca

Na minha lista:
Detalhes bibliográficos
Autor principal: Bačová, Veronika
Autor Corporativo: Podnikovohospodárska fakulta EU so sídlom v Košiciach. Katedra manažmentu
Outros Autores: Čarnický, Štefan
Formato: Livro
Idioma:eslovaco
Publicado em: Košice 2015
Tags: Adicionar Tag
Sem tags, seja o primeiro a adicionar uma tag!

MARC

LEADER 00000nbm a2200000 4500
001 0202336
005 20161212094616.7
041 0 |a slo 
044 |a SK 
245 1 0 |a Využitie nových nástrojov Business Intelligence v riadení podnikov  |b bakalárska práca  |c Veronika Bačová ; školiteľ: Štefan Čarnický 
264 1 |a Košice  |c 2015 
300 |a 62 s. 
100 1 |a Bačová, Veronika 
700 1 |a Čarnický, Štefan 
710 2 |a Podnikovohospodárska fakulta EU so sídlom v Košiciach. Katedra manažmentu